Countries with the Highest Percentage Aged Under 15 - Statistics

General Stats
  • This quiz has been taken 3,709 times
  • The average score is 18 of 24
Answer Stats
% country % Correct
50 Niger
93%
44 Nigeria
90%
45 Democratic Republic of the Congo
89%
43 Republic of the Congo
87%
48 Uganda
85%
43 Ethiopia
83%
48 Chad
81%
47 Mali
80%
47 Somalia
80%
45 Tanzania
79%
43 Rwanda
78%
48 Angola
73%
47 Zambia
73%
45 Mozambique
72%
45 Burundi
71%
44 Senegal
71%
43 Cameroon
69%
43 Benin
67%
46 Gambia
67%
43 Liberia
67%
45 Malawi
65%
46 Burkina Faso
63%
47 Afghanistan
46%
46 East Timor
22%
No matching quizzes found
Score Distribution
Percent of People with Each Score
Percentile by Number Answered
Your Score History
You have not taken this quiz